Pre 2000 Mount Rushmore for NHL Teams - Statistics

General Stats
  • This quiz has been taken 22 times
  • The average score is 58 of 104
Answer Stats
Team Position Answer % Correct
Blackhawks | Mammoth (Jets/Coyotes) LW Bobby Hull
100%
Bruins D Bobby Orr
100%
Blues RW Brett Hull
100%
Oilers | Rangers C Mark Messier
100%
Kings | Oilers C Wayne Gretzky
100%
Red Wings RW Gordie Howe
94%
Avalanche/Nordiques C Joe Sakic
94%
Penguins C Mario Lemieux
94%
Devils G Martin Brodeur
94%
Bruins LW Phil Esposito
94%
Red Wings C Steve Yzerman
94%
Ducks RW Teemu Selanne
94%
Blackhawks G Tony Esposito
94%
Islanders LW Bryan Trottier
89%
Canadiens C Henri Richard
89%
Penguins RW Jaromir Jagr
89%
Canadiens RW Maurice Richard
89%
Islanders RW Mike Bossy
89%
Canadiens RW Guy Lafleur
83%
Stars/North Stars C Mike Modano
83%
Avalanche/Nordiques G Patrick Roy
83%
Islanders G Billy Smith
78%
Flyers C Bobby Clarke
78%
Sabres G Dominik Hasek
78%
Oilers RW Jari Kurri
78%
Kings C Marcel Dionne
78%
Maple Leafs C Mats Sundin
78%
Avalanche/Nordiques C Peter Forsberg
78%
Blackhawks C Stan Mikita
78%
Blues | Flames D Al MacInnis
72%
Blues C Bernie Federko
72%
Islanders D Denis Potvin
72%
Canadiens C Jean Beliveau
72%
Sabres C Pat LaFontaine
72%
Oilers D Paul Coffey
72%
Ducks LW Paul Kariya
72%
Bruins D Ray Bourque
72%
Hurricanes/Whalers | Penguins C Ron Francis
72%
Rangers D Brian Leetch
67%
Flames RW Lanny MacDonald
67%
Kings LW Luc Robitaille
67%
Canucks RW Pavel Bure
67%
Panthers D Rob Niedermayer
67%
Devils D Scott Niedermayer
67%
Devils D Scott Stevens
67%
Flames RW Theoren Fleury
67%
Lightning C Vincent Lecavalier
67%
Mammoth (Jets/Coyotes) C Dale Hawerchuk
61%
Senators RW Daniel Alfredsson
61%
Flames C Joe Nieuwendyk
61%
Bruins LW Johnny Bucyk
61%
Capitals RW Mike Gartner
61%
Red Wings C Sergei Fedorov
61%
Flyers G Bernie Parent
50%
Flyers LW Bill Barber
50%
Rangers RW Rod Gilbert
50%
Red Wings G Terry Sawchuk
50%
Canucks RW Trevor Linden
50%
Blackhawks D Chris Chelios
44%
Maple Leafs C Darryl Sittler
44%
Sabres LW Dave Andreychuk
44%
Maple Leafs C Dave Keon
44%
Flyers C Eric Lindros
44%
Stars/North Stars D Sergei Zubov
44%
Maple Leafs D Tim Horton
44%
Senators C Alexei Yashin
39%
Sabres C Gilbert Perrault
39%
Rangers G Mike Richter
39%
Capitals D Rod Langway
39%
Panthers G John Vanbiesbrouck
33%
Avalanche/Nordiques LW Michel Goulet
33%
Capitals G Olaf Kolzig
28%
Sharks RW Owen Nolan
28%
Capitals RW Peter Bondra
28%
Kings G Rogie Vachon
28%
Sharks G Arturs Irbe
22%
Devils RW John MacLean
22%
Canucks G Kirk McLean
22%
Penguins G Tom Barasso
22%
Senators D Wade Redden
22%
Panthers D Ed Jovanovski
17%
Lightning D Roman Hamrlik
17%
Panthers RW Scott Mellanby
17%
Blues D Bob Plager
11%
Stars/North Stars C Neal Broten
11%
Hurricanes/Whalers RW Pat Verbeek
11%
Mammoth (Jets/Coyotes) D Randy Carlyle
11%
Canucks RW Stan Smyl
11%
Ducks C Steve Rucchin
11%
Mammoth (Jets/Coyotes) C Thomas Steen
11%
Stars/North Stars RW Bill Goldsworthy
6%
Lightning C Brian Bradley
6%
Ducks G Guy Hebert
6%
Lightning C Chris Gratton
0%
Sharks LW Jeff Friesen
0%
Hurricanes/Whalers RW Kevin Dineen
0%
Sharks C Mike Ricci
0%
Hurricanes/Whalers C Mike Rogers
0%
Senators G Ron Tugnutt
0%
No matching quizzes found
Score Distribution
Percent of People with Each Score
Percentile by Number Answered
Your Score History
You have not taken this quiz